Subdivisons of Bucks County, Pennsylvania - Map Quiz - Statistics

General Stats
  • This quiz has been taken 76 times
  • The average score is 12 of 67
Answers on the Map
Answers color-coded by a green-red scale on the quiz's map according to % correct below.
 
Answer Stats
Answer % Correct
New Hope
43%
Bensalem Township
40%
Doylestown
40%
Doylestown Township
37%
Quakertown
37%
Falls Township
33%
Solebury Township
33%
Bristol
30%
Bristol Township
30%
Buckingham Township
30%
Morrisville
30%
Dublin
27%
Tullytown
27%
Chalfont
23%
Lower Makefield Township
23%
Middletown Township
23%
Nockamixon Township
23%
Plumstead Township
23%
Warrington Township
23%
Yardley
23%
Croydon
20%
Fairless Hills
20%
New Britain
20%
Newtown
20%
Perkasie
20%
Riegelsville
20%
Sellersville
20%
Upper Makefield Township
20%
Eddington
17%
Feasterville-Trevose
17%
Hulmeville
17%
Ivyland
17%
Langhorne
17%
Langhorne Manor
17%
Newtown Township
17%
Richlandtown
17%
Tinicum Township
17%
Upper Southampton Township
17%
Village Shires
17%
Churchville
13%
Durham Township
13%
East Rockhill Township
13%
Hilltown Township
13%
Lower Southampton Township
13%
Milford Township
13%
New Britain Township
13%
Newtown Grant
13%
Northampton Township
13%
Richland Township
13%
Telford
13%
Warminster Heights
13%
Warminster Township
13%
Bedminster Township
10%
Bridgeton Township
10%
Haycock Township
10%
Penndel
10%
Richboro
10%
Springfield Township
10%
Trumbauersville
10%
West Rockhill Township
10%
Woodside
10%
Brittany Farms-Highlands
7%
Cornwells-Heights
7%
Silverdale
7%
Warwick Township
7%
Woodbourne
7%
Wrightstown Township
7%
No matching quizzes found
Score Distribution
Percent of People with Each Score
Percentile by Number Answered
Your Score History
You have not taken this quiz